Normal view
MARC view
- Rueppel, Rainer A.
Entry Personal Name
001 - CONTROL NUMBER
- control field: 100135
003 - CONTROL NUMBER IDENTIFIER
- control field: NUST
005 - DATE AND TIME OF LATEST TRANSACTION
- control field: 20221013124129.0
008 - FIXED-LENGTH DATA ELEMENTS
- fixed length control field: 221013|| aca||aabn | a|a d
040 ## - CATALOGING SOURCE
- Original cataloging agency: NUST
- Transcribing agency: NUST
100 ## - HEADING--PERSONAL NAME
- Personal name: Rueppel, Rainer A.
670 ## - SOURCE DATA FOUND
- Source citation: Work cat.: (NUST)183801: Rueppel, Rainer A.,, Analysis and design of stream ciphers /, c1986.
